Vyavharik Jivan Me Vedant (Record no. 1399573)

MARC details
000 -LEADER
fixed length control field 00683nam a2200277Ia 4500
008 - FIXED-LENGTH DATA ELEMENTS--GENERAL INFORMATION
fixed length control field 160716s9999||||xx |||||||||||||| ||und||
040 ## - CATALOGING SOURCE
Transcribing agency Hindi
082 ## - DEWEY DECIMAL CLASSIFICATION NUMBER
Classification number IX/vivekananda
082 ## - DEWEY DECIMAL CLASSIFICATION NUMBER
Item number BORI-95549
100 ## - MAIN ENTRY--PERSONAL NAME
Personal name Swami Vivekananda
245 ## - TITLE STATEMENT
Title Vyavharik Jivan Me Vedant
260 ## - PUBLICATION, DISTRIBUTION, ETC. (IMPRINT)
Place of publication, distribution, etc Nagpur
260 ## - PUBLICATION, DISTRIBUTION, ETC. (IMPRINT)
Name of publisher, distributor, etc Ramkrishna Math
300 ## - PHYSICAL DESCRIPTION
Extent 100+3
300 ## - PHYSICAL DESCRIPTION
Dimensions A
300 ## - PHYSICAL DESCRIPTION
Accompanying material Paperback
530 ## - ADDITIONAL PHYSICAL FORM AVAILABLE NOTE
Uniform Resource Identifier <a href="00095549.pdf">00095549.pdf</a>
563 ## - BINDING INFORMATION
Binding note Study
600 ## - SUBJECT ADDED ENTRY--PERSONAL NAME
Personal name Swami Vivekananda
630 ## - SUBJECT ADDED ENTRY--UNIFORM TITLE
Uniform title Vyavharik Jivan Me Vedant
650 ## - SUBJECT ADDED ENTRY--TOPICAL TERM
Topical term or geographic name as entry element "Ayurveda,Medicine"
650 ## - SUBJECT ADDED ENTRY--TOPICAL TERM
Topical term or geographic name as entry element Technical science
700 ## - ADDED ENTRY--PERSONAL NAME
Personal name Swami Vivekananda
730 ## - ADDED ENTRY--UNIFORM TITLE
Uniform title Vyavharik Jivan Me Vedant
942 ## - ADDED ENTRY ELEMENTS (KOHA)
Koha item type Book
Holdings
Withdrawn status Lost status Damaged status Not for loan Home library Current library Date acquired Cost, normal purchase price Total Checkouts Full call number Barcode Date last seen Cost, replacement price Price effective from Koha item type
        Bhandarkar Oriental Research Institute, Pune Bhandarkar Oriental Research Institute, Pune 12/21/2005 3.00   BORI-95549 BORI-95549 07/15/2016 3.00 07/15/2016 Book